Jorge Carrera Andrade

Αποθηκεύτηκε σε:
Λεπτομέρειες βιβλιογραφικής εγγραφής
Κύριος συγγραφέας: Durand, Rene L. F (Συγγραφέας)
Μορφή: Βιβλίο
Γλώσσα:Γαλλικά
Έκδοση: París Pierre Seghers 1966
Σειρά:Poetes d'aujourd'hui, 156
Θέματα:
Ετικέτες: Προσθήκη ετικέτας
Δεν υπάρχουν, Καταχωρήστε ετικέτα πρώτοι!

MARC

LEADER 00000nam a2200000 a 4500
001 UCY4153
003 CL-VaPUC
008 950301e19660000FR |||||||||||||||||fre|d
082 0 4 |a Ec861.09  |b DUR  |2 21 
100 0 |a Durand, Rene L. F  |e author  |9 332582 
245 1 0 |a Jorge Carrera Andrade 
300 |a 190 p 
942 |c BK 
945 |d 19950301 00:00:00  |a mfernand 
260 |a París  |b Pierre Seghers  |c 1966 
600 0 7 |a CARRERA ANDRADE, JORGE  |2 CL-VaPUC  |9 332583 
650 7 |a POESIAS ECUATORIANAS  |2 CL-VaPUC  |9 321113 
650 0 |a Crítica e interpretación   |9 255042 
583 |a last modification  |c 19950301 00:00:00  |k Rodrigo Vera 
490 0 |a Poetes d'aujourd'hui, 156 
999 |c 232104  |d 232102 
952 |0 0  |1 0  |4 0  |6 EC_861_090000000000000_DUR_1966  |7 0  |8 P  |9 236128  |a BIBART  |b BIBART  |d 2019-11-15  |i 3060608  |o Ec861.09 DUR 1966  |p 3060608  |r 2025-03-13  |w 2019-11-15  |y BK  |k ART